Statistiche per Forma dei paesi #1

Clicka qui per fare il quiz!

Statistiche generali

  • Questo quiz è stato fatto 1,000 volte
  • Il punteggio medio è 14 su 16

Statistiche sulle risposte

Answer % Corretto
Italia
100%
Francia
99%
Stati Uniti
98%
Australia
97%
Regno Unito
97%
India
95%
Norvegia
94%
Giappone
92%
Messico
89%
Cina
88%
Egitto
88%
Indonesia
86%
Brasile
85%
Argentina
84%
Iraq
46%
Panama
45%

Distribuzione punteggi

Percentile per numero di risposta

Percentuale di utenti per punteggio

I tuoi punteggi nel tempo

Non hai fatto questo quiz